KOHA-Header-6

Principles of Electronic Circuits (Record no. 5822)

000 -LEADER
fixed length control field 00247nam a22001217a 4500
082 ## - DEWEY DECIMAL CLASSIFICATION NUMBER
Classification number 621.35
100 ## - MAIN ENTRY--AUTHOR NAME
Personal name Floyed
245 ## - TITLE STATEMENT
Title Principles of Electronic Circuits
250 ## - EDITION STATEMENT
Edition statement 6th
260 ## - PUBLICATION, DISTRIBUTION, ETC. (IMPRINT)
Place of publication India
Name of publisher Pearson
Year of publication 2001
300 ## - PHYSICAL DESCRIPTION
Number of Pages 745
942 ## - ADDED ENTRY ELEMENTS (KOHA)
Koha item type Books
Holdings
Withdrawn status Lost status Permanent Location Current Location Date acquired Full call number Accession Number Koha item type
    MAJU MAJU 2019-09-05 621.35 1875 Books

Powered by Koha